Administración pública económica / (Registro nro. 5925)

Detalles MARC
000 -LEADER
fixed length control field 01064nam a2200277Ia 4500
003 - CONTROL NUMBER IDENTIFIER
control field OSt
005 - DATE AND TIME OF LATEST TRANSACTION
control field 20200831201949.0
008 - FIXED-LENGTH DATA ELEMENTS--GENERAL INFORMATION
fixed length control field 191128s2012 ck fr 001 0 spa d
020 ## - INTERNATIONAL STANDARD BOOK NUMBER
International Standard Book Number 9789583506512
040 ## - CATALOGING SOURCE
Original cataloging agency CO-JMCR
Transcribing agency CO-JMCR
041 0# - LANGUAGE CODE
Language code of text/sound track or separate title spa
082 04 - DEWEY DECIMAL CLASSIFICATION NUMBER
Classification number 351.009861 /
Item number H275a
Edition number 23
100 1# - MAIN ENTRY--PERSONAL NAME
Personal name Henao Hidrón, Javier,
Relator term autor
9 (RLIN) 8170
245 10 - TITLE STATEMENT
Title Administración pública económica /
Statement of responsibility, etc. Javier Henao Hidrón
250 ## - EDITION STATEMENT
Edition statement Cuarta edición
260 ## - PUBLICATION, DISTRIBUTION, ETC.
Place of publication, distribution, etc. Bogotá :
Name of publisher, distributor, etc. Temis,
Date of publication, distribution, etc. 2012
300 ## - PHYSICAL DESCRIPTION
Extent 583 páginas ;
Dimensions 27 cm.
500 ## - GENERAL NOTE
General note Incluye índice de materias.
504 ## - BIBLIOGRAPHY, ETC. NOTE
Bibliography, etc. note Bibliografía: páginas 575-576
505 0# - FORMATTED CONTENTS NOTE
Formatted contents note Estructura del Estado colombiano e intervención en la economía -- Estructura de la administración pública -- Superintendencias -- Unidades administrativas especiales -- Ministerio de Hacienda y Crédito Público
650 14 - SUBJECT ADDED ENTRY--TOPICAL TERM
Topical term or geographic name entry element Administración pública
9 (RLIN) 9503
650 14 - SUBJECT ADDED ENTRY--TOPICAL TERM
Topical term or geographic name entry element Hacienda pública
9 (RLIN) 9504
650 14 - SUBJECT ADDED ENTRY--TOPICAL TERM
Topical term or geographic name entry element Planificación económica
Geographic subdivision Colombia
9 (RLIN) 9505
650 14 - SUBJECT ADDED ENTRY--TOPICAL TERM
Topical term or geographic name entry element Política pública
Geographic subdivision Colombia
9 (RLIN) 9506
942 ## - ADDED ENTRY ELEMENTS (KOHA)
Source of classification or shelving scheme Dewey Decimal Classification
Koha item type Books
Existencias
Withdrawn status Lost status Source of classification or shelving scheme Damaged status Not for loan Collection code Home library Current library Date acquired Source of acquisition Total Checkouts Full call number Barcode Date last seen Date last checked out Copy number Koha item type
    Dewey Decimal Classification     Non-fiction Biblioteca Pública José María del Castillo y Rada Biblioteca Pública José María del Castillo y Rada 04/15/2018 Donación 2 351.009861 / H275a 430009838 05/16/2024 04/16/2024 Ej.1 Books